Online
Catalog

Padre Las Casas : (Record no. 4024)

MARC details
000 -CABECERA
campo de control de longitud fija 01790nam a2200349 i 4500
001 - NÚMERO DE CONTROL
campo de control 000004210
003 - IDENTIFICADOR DEL NÚMERO DE CONTROL
campo de control DO-SdBNP
005 - FECHA Y HORA DE LA ÚLTIMA TRANSACCIÓN
campo de control 20260521111852.0
007 - CAMPO FIJO DE DESCRIPCIÓN FÍSICA--INFORMACIÓN GENERAL
campo de control de longitud fija ta
008 - DATOS DE LONGITUD FIJA--INFORMACIÓN GENERAL
campo de control de longitud fija 090720t1999 dr ab 001 0 spa d
040 ## - FUENTE DE LA CATALOGACIÓN
Centro catalogador/agencia de origen DO-SdBNP
Lengua de catalogación spa
Centro/agencia transcriptor BNPHU
Normas de descripción rda
041 ## - CÓDIGO DE LENGUA
Código de lengua del texto/banda sonora o título independiente spa
082 #4 - NÚMERO DE LA CLASIFICACIÓN DECIMAL DEWEY
Número de clasificación 972.9372
Número de documento/Ítem M425p
Número de edición 22
100 1# - ENTRADA PRINCIPAL--NOMBRE DE PERSONA
Nombre de persona Mateo, Aurelio Vicente,
Fechas asociadas al nombre 1944-
Término indicativo de función/relación autor
Código de función/relación aut.
9 (RLIN) 12423
245 10 - MENCIÓN DE TÍTULO
Título Padre Las Casas :
Resto del título su historia, su gente y folklore /
Mención de responsabilidad, etc. Aurelio Vicente Mateo.
250 ## - MENCIÓN DE EDICIÓN
Mención de edición primera edición
264 #1 - PRODUCCIÓN, PUBLICACIÓN, DISTRIBUCIÓN, FABRICACIÓN Y COPYRIGHT
Producción, publicación, distribución, fabricación y copyright Santo Domingo :
Nombre del de productor, editor, distribuidor, fabricante Editora Alfa & Omega,
Fecha de producción, publicación, distribución, fabricación o copyright 1999.
300 ## - DESCRIPCIÓN FÍSICA
Extensión 191 páginas :
Otras características físicas ilustraciones, mapas ;
Dimensiones 21 cm.
336 ## - TIPO DE CONTENIDO
Término de tipo de contenido texto
Código de tipo de contenido txt
Fuente rdacontent
337 ## - TIPO DE MEDIO
Nombre/término del tipo de medio simediación
Código del tipo de medio n
Fuente rdamedia
338 ## - TIPO DE SOPORTE
Nombre/término del tipo de soporte volumen
Código del tipo de soporte nc
Fuente rdacarrier
504 ## - NOTA DE BIBLIOGRAFÍA, ETC.
Nota de bibliografía, etc. Bibliografía: páginas 189.
505 ## - NOTA DE CONTENIDO CON FORMATO
Nota de contenido con formato Prólogo 17 -- Origen y evolución histórica de Padre Las Casas 21 -- Actividades sociales, culturales y personas que se han dedicado a ellas 39 -- Educación y cultura 69 -- Aspecto Político 87 -- El Folklore 101|Anécdotas 111 -- Pensamientos 119 -- Décimas de poetas desconocidos en esta población 133 -- Inspiraciones poéticas del autor 159 -- Refranes 181 -- Personas consultadas para esta obra 187 -- Bibliografía 189 -- Mapa de Padre Las Casas 190
590 ## - NOTA LOCAL (RLIN)
Nota local Inventariado, 2024/DG
650 #7 - PUNTO DE ACCESO ADICIONAL DE MATERIA--TÉRMINO DE MATERIA
Término de materia o nombre geográfico como elemento de entrada Ciudades y pueblos
Subdivisión geográfica República Dominicana
Subdivisión general Historia
Fuente del encabezamiento o término LIBRUNAM
9 (RLIN) 32619
651 #7 - PUNTO DE ACCESO ADICIONAL DE MATERIA--NOMBRE GEOGRÁFICO
Nombre geográfico Padre las Casas (República Dominicana)
Subdivisión general Historia local
9 (RLIN) 12425
651 #7 - PUNTO DE ACCESO ADICIONAL DE MATERIA--NOMBRE GEOGRÁFICO
Nombre geográfico Padre las Casas (República Dominicana)
Subdivisión general Vida social y costumbres
Fuente del encabezamiento o término LIBRUNAM
9 (RLIN) 12425
651 #7 - PUNTO DE ACCESO ADICIONAL DE MATERIA--NOMBRE GEOGRÁFICO
Nombre geográfico Folclor
Subdivisión geográfica República Dominicana
-- Padre las Casas
9 (RLIN) 12427
651 #7 - PUNTO DE ACCESO ADICIONAL DE MATERIA--NOMBRE GEOGRÁFICO
Nombre geográfico Azua (República Dominicana)
Subdivisión general Vida social y costumbres
Fuente del encabezamiento o término LIBRUNAM
9 (RLIN) 12428
910 ## - DATOS DE OPCIÓN DEL USUARIO (OCLC)
Datos de opción del usuario Validado. Control de calidad EMS.
942 ## - ELEMENTOS DE PUNTO DE ACCESO ADICIONAL (KOHA)
Fuente del sistema de clasificación o colocación Dewey Decimal Classification
Tipo de ítem Koha Libro
Holdings
Estado de retiro Estado de pérdida Fuente del sistema de clasificación o colocación Restricciones de uso No para préstamo Código de colección Localización permanente Ubicación/localización actual Ubicación en estantería Fecha de adquisición Fuente de adquisición Total de préstamos Signatura topográfica completa Código de barras Fecha visto por última vez Número de copia Precio válido a partir de Tipo de ítem Koha Nota pública
    Dewey Decimal Classification Préstamo en sala   Dominicana de Servicio Biblioteca Nacional Pedro Henríquez Ureña Biblioteca Nacional Pedro Henríquez Ureña Depósito 01.04.2008 Compra   BNPHU DS 972.9372 M425p 4210-30 25.06.2020 e. 3 25.06.2020 Libro  
    Dewey Decimal Classification Excluido de préstamo   Patrimonio Dominicano Biblioteca Nacional Pedro Henríquez Ureña Biblioteca Nacional Pedro Henríquez Ureña Depósito 20.07.2009     BNPHU PD 972.9372 M425p 4210-10 25.06.2020   25.06.2020 Libro  
    Dewey Decimal Classification Excluido de préstamo   Patrimonio Dominicano Biblioteca Nacional Pedro Henríquez Ureña Biblioteca Nacional Pedro Henríquez Ureña Depósito 20.07.2009     BNPHU PD 972.9372 M425p 4210-20 25.06.2020 e. 2 25.06.2020 Libro  
    Dewey Decimal Classification Préstamo en sala   Dominicana de Servicio Biblioteca Nacional Pedro Henríquez Ureña Biblioteca Nacional Pedro Henríquez Ureña Depósito 22.10.2024 Donado por la Presidencia de la República Dominicana 2023.   BNPHU DS 972.9372 M425p 2024-6054 22.10.2024 e.4 22.10.2024 Libro Pertenecio a la biblioteca personal de Emilio Cordero Michel.

Powered by Koha